00371nam a22001337a 4500082001700000100001800017245003000035250001700065260003300082300001000115504008900125650001500214650000800229 a658.3bDES-H aDessler, Gary aHuman Resource Management a11th edition aIndiab Prentice Hall;c2007 a675p, aIncludes Appendix Glossary Photo Credits name and organization index, Subject Index. aManagement aHRM